000 00702nam a2200265 i 4500
001 C2-0284033
003 PPAK
005 20180728013950.0
008 071126s2006 enka|||| ||||| | eng d
020 _a1845730186
040 _aPPAK
_beng
_cPPAK
_erda
082 0 4 _a641.563
_223
090 0 0 _a641.563
_bMOR
_dR
100 1 _aMorgan, Paul,
_eauthor
245 1 0 _aLow carb cookbook
264 1 _aLondon :
_bAn Oceana Book ,
_c2006
300 _a127 pages :
_bcolour illustrations ;
_c28 cm
336 _2rdacontent
_atext
337 _2rdamedia
_aunmediated
338 _2rdacarrier
_avolume
490 1 _aHealthy cooking
650 1 0 _aCookery.
830 0 _aHealthy cooking
942 _ddc
_cB
999 _c90025
_d90025